Topics in contemporary probability and its applications / (Record no. 3845)

MARC details
000 -LEADER
fixed length control field 01097cam a2200289 a 4500
001 - CONTROL NUMBER
control field 4906510
003 - CONTROL NUMBER IDENTIFIER
control field OSt
005 - DATE AND TIME OF LATEST TRANSACTION
control field 20210914154421.0
008 - FIXED-LENGTH DATA ELEMENTS--GENERAL INFORMATION
fixed length control field 940818s1995 flua b 001 0 eng
010 ## - LIBRARY OF CONGRESS CONTROL NUMBER
LC control number 94023472
020 ## - INTERNATIONAL STANDARD BOOK NUMBER
International Standard Book Number 0849380731 (alk. paper).
040 ## - CATALOGING SOURCE
Original cataloging agency DDC
Transcribing agency HU
Modifying agency DLC
050 00 - LIBRARY OF CONGRESS CALL NUMBER
Classification number QA274
Item number .T65 1995
082 00 - DEWEY DECIMAL CLASSIFICATION NUMBER
Classification number 519.2/CON
Edition number 20
245 00 - TITLE STATEMENT
Title Topics in contemporary probability and its applications /
Statement of responsibility, etc. edited by J. Laurie Snell.
260 ## - PUBLICATION, DISTRIBUTION, ETC.
Place of publication, distribution, etc. Boca Raton :
Name of publisher, distributor, etc. CRC Press,
Date of publication, distribution, etc. c1995.
300 ## - PHYSICAL DESCRIPTION
Extent 380 p. :
Other physical details ill. (some col.) ;
Dimensions 27 cm.
440 #0 - SERIES STATEMENT/ADDED ENTRY--TITLE
Title Probability and stochastics series
9 (RLIN) 3588
504 ## - BIBLIOGRAPHY, ETC. NOTE
Bibliography, etc. note Includes bibliographical references and index.
650 #0 - SUBJECT ADDED ENTRY--TOPICAL TERM
Topical term or geographic name entry element Stochastic processes.
9 (RLIN) 3589
650 #0 - SUBJECT ADDED ENTRY--TOPICAL TERM
Topical term or geographic name entry element Probabilities.
9 (RLIN) 2312
700 1# - ADDED ENTRY--PERSONAL NAME
Personal name Snell, J. Laurie
Fuller form of name (James Laurie),
Dates associated with a name 1925-
9 (RLIN) 3590
856 42 - ELECTRONIC LOCATION AND ACCESS
Materials specified Publisher description
Uniform Resource Identifier <a href="http://www.loc.gov/catdir/enhancements/fy0744/94023472-d.html">http://www.loc.gov/catdir/enhancements/fy0744/94023472-d.html</a>
906 ## - LOCAL DATA ELEMENT F, LDF (RLIN)
a 7
b cbc
c orignew
d 1
e ocip
f 19
g y-gencatlg
942 ## - ADDED ENTRY ELEMENTS (KOHA)
Source of classification or shelving scheme Dewey Decimal Classification
Koha item type Books like text book referance book
Suppress in OPAC No
Holdings
Withdrawn status Lost status Source of classification or shelving scheme Damaged status Not for loan Home library Current library Shelving location Date acquired Total Checkouts Full call number Barcode Date last seen Copy number Price effective from Koha item type
    Dewey Decimal Classification     Natural & Computational Science Library Natural & Computational Science Library General Stacks 09/14/2021   519.2/CON NSCLIB00002167 09/14/2021 1 09/14/2021 Books like text book referance book
    Dewey Decimal Classification     Natural & Computational Science Library Natural & Computational Science Library General Stacks 09/14/2021   519.2/CON NSCLIB00002168 09/14/2021 2 09/14/2021 Books like text book referance book
    Dewey Decimal Classification     Natural & Computational Science Library Natural & Computational Science Library General Stacks 09/14/2021   519.2/CON NSCLIB00002169 09/14/2021 3 09/14/2021 Books like text book referance book
    Dewey Decimal Classification     Natural & Computational Science Library Natural & Computational Science Library General Stacks 09/14/2021   519.2/CON NSCLIB00002184 09/14/2021 4 09/14/2021 Books like text book referance book
    Dewey Decimal Classification     Natural & Computational Science Library Natural & Computational Science Library General Stacks 09/14/2021   519.2/CON NSCLIB00002185 09/14/2021 5 09/14/2021 Books like text book referance book
    Dewey Decimal Classification     Natural & Computational Science Library Natural & Computational Science Library General Stacks 09/14/2021   519.2/CON NSCLIB00002186 09/14/2021 6 09/14/2021 Books like text book referance book
    Dewey Decimal Classification     Natural & Computational Science Library Natural & Computational Science Library General Stacks 09/14/2021   519.2/CON NSCLIB00002187 09/14/2021 7 09/14/2021 Books like text book referance book
    Dewey Decimal Classification     Natural & Computational Science Library Natural & Computational Science Library General Stacks 09/14/2021   519.2/CON NSCLIB00002188 09/14/2021 8 09/14/2021 Books like text book referance book
    Dewey Decimal Classification     Natural & Computational Science Library Natural & Computational Science Library General Stacks 09/14/2021   519.2/CON NSCLIB00002189 09/14/2021 9 09/14/2021 Books like text book referance book
    Dewey Decimal Classification     Natural & Computational Science Library Natural & Computational Science Library General Stacks 09/14/2021   519.2/CON NSCLIB00002190 09/14/2021 10 09/14/2021 Books like text book referance book